000 01346nam2a22002411 4500
001 RU\NLR\INFOCOMM29\5000533347
005 20250617073057.0
035 _a(NLR Aleph) 002553523
090 _a3041414
_c3041414
100 _a20050329d1907 |||y0rusy50 ca
101 0 _arus
102 _aRU
105 _ay ||||000|y
200 1 _aРасход и давление пара и пульверизацию при разных конструкциях и нагрузках паровых форсунок
_aИсследование влияния разных устройств топочной кладки на работу топки и котла
_f... Паровая лаборатория
210 _d1907
_aБ. м.
461 0 _1001RU\NLR\INFOCOMM29\5000533314
_12001#$aИзвестия Механического института Московского технического училища$vВып.5
_93041389
_aМосковское техническое училище. Механическое отделение
_cМ.
_d1905-1914
_tИзвестия Механического института Московского технического училища
_vВып.5
801 1 _aRU
_bInfoComm
_c20050329
801 0 _aRU
_bNLR
_gPSBO
852 _aNLR
_j2/684низ
942 _cISSUE
980 _aNB
980 _aRUSPER